Weltweit meistgestreamte Spotify-Songs 2021 - Errate den Künstler - Statistiken

Allgemein
  • Dieses Quiz wurde 444 mal gespielt
  • Das Durchschnittsergebnis liegt bei 7 aus 10
Antwortstatistiken
Rang Song Künstler % Korrekt
8 Blinding Lights The Weeknd
94%
3 STAY Justin Bieber ;The Kid LAROI
92%
6 Peaches Justin Bieber ;Daniel Caesar ; Giveon
86%
1 Drivers License Olivia Rodrigo
85%
4 good 4 you Olivia Rodrigo
85%
5 Levitating Dua Lipa ;DaBaby
77%
10 Beggin´ Måneskin
73%
2 MONTERO (Call Me By Your Name) Lil Nas X
66%
9 Heat Waves Glass Animals
46%
7 Kiss Me More Doja Cat ;SZA
37%
Keine übereinstimmenden Quizze gefunden
Verteilung der Resultate
Anzahl Personen mit jedem Resultat
Perzentil nach korrekt beantworteten Fragen
Ihre Resultats-Entwicklung
Sie haben dieses Quiz noch nicht gespielt